| 000 | 00460pab a2200181 454500 | ||
|---|---|---|---|
| 008 | 180718b2015 xxu||||| |||| 00| 0 eng d | ||
| 100 | _aAkhtar, Aasim Sajjad | ||
| 245 | _aThe antinomies behind the Peshawar killing | ||
| 260 | _c2015 | ||
| 300 | _ap.10-12. | ||
| 362 | _a10 Jan | ||
| 650 | _aTerrorism - Pakistan | ||
| 650 | _aViolence - Pakistan | ||
| 650 | _aTerrorism | ||
| 773 | _aEconomic and Political Weekly | ||
| 908 | _aN | ||
| 909 | _a106968 | ||
| 999 |
_c106963 _d106963 |
||